000 00582nam a22001695i 4500
001 169722
003 ES-MaACL
005 20230906214157.0
008 081113s1876 sp |||| | spa d
110 2 _aAsociación de Escritores y Artistas Españoles.
_91585
245 1 0 _aEstatutos y reglamento de la Asociación de Escritores y Artistas.
250 _a2ª ed.
260 _aMadrid :
_b[s.n.],
_c1876 (
_fImp. y Fundición de Manuel Tello)
300 _a26, [4] p. ;
_c18 cm.
610 2 4 _aAsociación de Escritores y Artistas Españoles.
_91585
852 _aES-MaACL
_jT-210-F-3
999 _c169722
_d169722